[Event "Bielefelder SK 1 - SF Katernberg 2"]
[Site "NRW-Klasse, Gruppe 1 2016/201"]
[Date "2017.03.05"]
[Round "7.7"]
[White "Krueger, Erich"]
[Black "Danielmeier, Ralf"]
[Result "1-0"]
[WhiteElo "2146"]
[BlackElo "1986"]
[Annotator "Daniel"]
[PlyCount "57"]
[EventDate "2017.??.??"]
[WhiteTeam "SF Katernberg 2"]
[BlackTeam "Bielefelder SK 1"]

1. d4 Nf6 2. c4 g6 3. Nc3 d5 4. cxd5 Nxd5 5. Bd2 Bg7 6. e4 Nxc3 7. Bxc3 c5 8.
d5 Bxc3+ 9. bxc3 Qa5 10. Qd2 b5 11. Nf3 Nd7 12. Bd3 Rb8 13. O-O Qc7 14. Qh6 Ne5
15. Qg7 Nxf3+ 16. gxf3 Rf8 17. e5 Qd7 18. d6 c4 19. Be4 Bb7 $11 20. Rfe1 Bxe4
21. Rxe4 Qe6 22. Rd1 Kd7 23. dxe7+ Kxe7 24. Rd6 Qf5 25. Rf6 Qh5 26. Rff4 Qg5+
27. Kf1 Ke6 28. Rf6+ Ke7 29. Ref4 1-0

[Event "Bielefelder SK 1 - SF Katernberg 2"]
[Site "NRW-Klasse, Gruppe 1 2016/201"]
[Date "2017.03.05"]
[Round "7.8"]
[White "Burg, Michael"]
[Black "Dette, Jan"]
[Result "0-1"]
[WhiteElo "1881"]
[BlackElo "1933"]
[Annotator "Daniel"]
[PlyCount "96"]
[EventDate "2017.??.??"]
[WhiteTeam "Bielefelder SK 1"]
[BlackTeam "SF Katernberg 2"]

1. e4 e5 2. Nf3 Nc6 3. Bc4 Nf6 4. d3 Bc5 5. O-O O-O 6. c3 d6 7. b4 Bb6 8. h3 h6
9. a4 a6 10. Qb3 Qe7 11. Be3 Bxe3 12. fxe3 Be6 13. Nbd2 Rad8 14. Bd5 Nb8 15. d4
c6 16. Bxe6 Qxe6 17. Rae1 $11 Qxb3 18. Nxb3 Nxe4 19. dxe5 dxe5 20. Nxe5 Nxc3
21. Na5 Rd5 22. Nec4 Nxa4 23. Nxb7 Rb5 24. Nbd6 Rxb4 25. Ne5 f6 26. Ng6 Rd8 27.
Ne7+ Kh7 28. Ndf5 Re8 29. Rb1 Rb5 30. Rxb5 axb5 31. Rc1 g6 32. Nd5 Rf8 33. Nh4
cxd5 34. Rc7+ Kg8 35. Nxg6 Rf7 36. Rc8+ Kg7 37. Nf4 Rb7 38. g4 Nb6 39. Nh5+ Kf7
40. Rh8 N8d7 41. Rxh6 b4 42. Rh7+ Ke6 43. Nf4+ Kd6 44. Rh6 b3 45. Nd3 Nc4 46.
g5 b2 47. Nxb2 Rxb2 48. g6 Nxe3 0-1

[Event "PSV Duisburg 1 - SF Neuenkirchen 1"]
[Site "NRW-Klasse, Gruppe 1 2016/201"]
[Date "2017.03.05"]
[Round "7.1"]
[White "Wilde, Pierre"]
[Black "Wengenroth, Walter"]
[Result "1/2-1/2"]
[WhiteElo "2228"]
[BlackElo "2213"]
[PlyCount "62"]
[EventDate "2017.??.??"]
[WhiteTeam "SF Neuenkirchen 1"]
[BlackTeam "PSV Duisburg 1"]

1. c4 e6 2. g3 d5 3. Nf3 dxc4 4. Qa4+ Nd7 5. Bg2 a6 6. Qxc4 b5 7. Qc6 Rb8 8.
O-O Bb7 9. Qc2 Ngf6 10. d3 c5 11. b3 Be7 12. Bb2 O-O 13. Nbd2 Qb6 14. Rac1 Rfd8
15. Qb1 Rbc8 16. Qa1 Ne8 17. Rc2 Bf8 18. Rfc1 Nd6 19. e3 Qa7 20. Bf1 Qa8 21.
Ne5 Nxe5 22. Bxe5 Ne8 23. Bb2 Rd7 24. a4 Qb8 25. axb5 axb5 26. d4 Ba8 27. dxc5
Rxd2 28. Rxd2 Qb7 29. e4 Qxe4 30. c6 Bxc6 31. Rxc6 Qxc6 1/2-1/2

[Event "PSV Duisburg 1 - SF Neuenkirchen 1"]
[Site "NRW-Klasse, Gruppe 1 2016/201"]
[Date "2017.03.05"]
[Round "7.2"]
[White "Heisel, Guido"]
[Black "Buendgen, Achim"]
[Result "1-0"]
[WhiteElo "2075"]
[BlackElo "2161"]
[PlyCount "127"]
[EventDate "2017.??.??"]
[WhiteTeam "PSV Duisburg 1"]
[BlackTeam "SF Neuenkirchen 1"]

1. d4 Nf6 2. Bg5 Ne4 3. Bf4 c5 4. f3 Qa5+ 5. c3 Nf6 6. d5 Qb6 7. Bc1 e6 8. e4
d6 9. Na3 exd5 10. exd5 Be7 11. Nc4 Qd8 12. a4 O-O 13. Ne3 Re8 14. Bb5 Nbd7 15.
Ne2 a6 16. Bd3 Ne5 17. Bc2 Bd7 18. O-O b5 19. Ng3 g6 20. h3 Bf8 21. f4 Nc4 22.
Nxc4 bxc4 23. f5 Re5 24. Qf3 Be7 25. Bh6 Be8 26. Rad1 Rb8 27. Bf4 Nd7 28. Rb1
Bg5 29. Bxe5 Nxe5 30. Qe2 Bd7 31. fxg6 hxg6 32. Ne4 Be7 33. Nd2 Nd3 34. Nxc4
Ne5 35. Nxe5 dxe5 36. Qxe5 Be8 37. b3 Bd6 38. Qf6 Qc7 39. Rbe1 c4 40. b4 a5 41.
Re4 Bf8 42. b5 Bg7 43. Qf3 f5 44. Re6 Bf7 45. Rfe1 Bxe6 46. Rxe6 Qc5+ 47. Kf1
Qa3 48. Rxg6 Qc1+ 49. Qd1 Qf4+ 50. Qf3 Qc1+ 51. Bd1 Re8 52. Re6 Rxe6 53. dxe6
Bxc3 54. Qd5 Qf4+ 55. Bf3 Qc1+ 56. Bd1 Qf4+ 57. Ke2 Bd4 58. e7+ Kg7 59. Qxd4+
Qxd4 60. e8=Q Qd3+ 61. Ke1 Qg3+ 62. Kf1 Qf4+ 63. Bf3 c3 64. Qd7+ 1-0

[Event "PSV Duisburg 1 - SF Neuenkirchen 1"]
[Site "NRW-Klasse, Gruppe 1 2016/201"]
[Date "2017.03.05"]
[Round "7.4"]
[White "Sirringhaus, Wilfried"]
[Black "Vos, Thomas"]
[Result "1/2-1/2"]
[WhiteElo "2114"]
[BlackElo "2180"]
[PlyCount "91"]
[EventDate "2017.??.??"]
[WhiteTeam "PSV Duisburg 1"]
[BlackTeam "SF Neuenkirchen 1"]

1. e4 e6 2. d4 d5 3. Nc3 Be7 4. Nf3 Nf6 5. Bd3 c5 6. exd5 Nxd5 7. O-O Nxc3 8.
bxc3 Nc6 9. Rb1 Qc7 10. Re1 h6 11. Qe2 Bd7 12. Ne5 Nxe5 13. Bf4 Bc6 14. Bxe5
Bd6 15. Qh5 O-O-O 16. Bxd6 Qxd6 17. Qxf7 Rhf8 18. Qxe6+ Qxe6 19. Rxe6 cxd4 20.
cxd4 Rxd4 21. Re7 Rg4 22. g3 Kd8 23. Rbe1 Rg5 24. h4 Rg4 25. R1e6 Rb4 26. Be4
Re8 27. Rxe8+ Bxe8 28. Re5 b6 29. f4 Rb2 30. g4 Rxa2 31. g5 Ra5 32. Rxa5 bxa5
33. f5 hxg5 34. hxg5 Ke7 35. Bd5 a4 36. Ba2 Bd7 37. f6+ gxf6 38. gxf6+ Kxf6 39.
Kf2 Bf5 40. Ke3 Bxc2 41. Kd2 Bf5 42. Kc3 a5 43. Kb2 Ke5 44. Ka3 Bc2 45. Bb1 Bd1
46. Bd3 1/2-1/2

[Event "PSV Duisburg 1 - SF Neuenkirchen 1"]
[Site "NRW-Klasse, Gruppe 1 2016/201"]
[Date "2017.03.05"]
[Round "7.5"]
[White "Seegers, Hendrik"]
[Black "Sponheim, Marko"]
[Result "0-1"]
[WhiteElo "2132"]
[BlackElo "1989"]
[PlyCount "106"]
[EventDate "2017.??.??"]
[WhiteTeam "SF Neuenkirchen 1"]
[BlackTeam "PSV Duisburg 1"]

1. d4 Nf6 2. Nf3 c5 3. c3 b6 4. Bf4 d6 5. e3 Bb7 6. Nbd2 g6 7. Bd3 Bg7 8. Qe2
O-O 9. O-O-O Nbd7 10. h4 h5 11. Rhg1 Qe8 12. Bg5 e5 13. dxe5 dxe5 14. e4 a6 15.
Nc4 Qe6 16. Bxf6 Bxf6 17. g4 hxg4 18. Ng5 Bxg5+ 19. hxg5 Kg7 20. Bc2 b5 21. Rd6
Qe7 22. Qd2 Bc8 23. Ne3 Rh8 24. Nxg4 Nf8 25. f4 Bxg4 26. Rxg4 Rh1+ 27. Bd1 exf4
28. Rxf4 Ra7 29. Kc2 Rd7 30. e5 Qxe5 31. Rxd7 Nxd7 32. Bf3 Re1 33. b4 Re3 34.
Rxf7+ Kxf7 35. Qxd7+ Kf8 36. Qd8+ Kf7 37. Qd7+ Qe7 38. Qd5+ Kg7 39. bxc5 Re5
40. Qd6 Qxd6 41. cxd6 Kf8 42. Kb3 Rxg5 43. Kb4 Kf7 44. Bb7 Ke6 45. Bxa6 Kxd6
46. Bxb5 Kc7 47. a4 Rg4+ 48. Kc5 g5 49. Kd5 Rf4 50. Ke5 Rf8 51. Bc4 g4 52. Bd5
g3 53. c4 Rf2 0-1

[Event "PSV Duisburg 1 - SF Neuenkirchen 1"]
[Site "NRW-Klasse, Gruppe 1 2016/201"]
[Date "2017.03.05"]
[Round "7.6"]
[White "Brueggemann, Josef"]
[Black "Rieke, Theo"]
[Result "1/2-1/2"]
[WhiteElo "1945"]
[BlackElo "1940"]
[PlyCount "30"]
[EventDate "2017.??.??"]
[WhiteTeam "PSV Duisburg 1"]
[BlackTeam "SF Neuenkirchen 1"]

1. e4 e5 2. Nf3 Nc6 3. Bc4 Nf6 4. d3 Bc5 5. Nc3 d6 6. Bg5 h6 7. Be3 Bb6 8. a3
Be6 9. Nd5 O-O 10. Qd2 Bxd5 11. Bxd5 Nxd5 12. exd5 Nd4 13. O-O-O Qf6 14. Bxd4
Bxd4 15. Nxd4 exd4 1/2-1/2

[Event "PSV Duisburg 1 - SF Neuenkirchen 1"]
[Site "NRW-Klasse, Gruppe 1 2016/201"]
[Date "2017.03.05"]
[Round "7.7"]
[White "Scho, Christian"]
[Black "Hehlke, Oliver"]
[Result "1-0"]
[WhiteElo "2088"]
[BlackElo "1789"]
[PlyCount "75"]
[EventDate "2017.??.??"]
[WhiteTeam "SF Neuenkirchen 1"]
[BlackTeam "PSV Duisburg 1"]

1. Nf3 Nf6 2. c4 c5 3. g3 d5 4. Bg2 Nc6 5. cxd5 Nxd5 6. O-O e5 7. Nc3 Nc7 8. d3
Be7 9. Be3 O-O 10. Na4 Ne6 11. Rc1 Qa5 12. Bd2 Qd8 13. a3 f6 14. b4 cxb4 15.
axb4 Ncd4 16. Nxd4 Nxd4 17. e3 Nb5 18. Qb3+ Kh8 19. Nc5 Bxc5 20. bxc5 a6 21. c6
bxc6 22. Bb4 Rg8 23. Bxc6 Rb8 24. Bd5 Bh3 25. Rfe1 a5 26. Bxg8 axb4 27. Be6
Bxe6 28. Qxe6 Nc3 29. d4 Qc7 30. Rc2 exd4 31. exd4 h6 32. d5 b3 33. d6 Qc6 34.
Rb2 Rd8 35. Rxb3 Nb5 36. d7 Nd6 37. Rd3 Rxd7 38. Red1 1-0

[Event "PSV Duisburg 1 - SF Neuenkirchen 1"]
[Site "NRW-Klasse, Gruppe 1 2016/201"]
[Date "2017.03.05"]
[Round "7.8"]
[White "Wittsiepe, Richard"]
[Black "Beckmann, Klaus"]
[Result "0-1"]
[WhiteElo "1836"]
[BlackElo "2083"]
[PlyCount "50"]
[EventDate "2017.??.??"]
[WhiteTeam "PSV Duisburg 1"]
[BlackTeam "SF Neuenkirchen 1"]

1. d4 Nf6 2. c4 e6 3. Nf3 d5 4. e3 c5 5. Be2 Nc6 6. O-O dxc4 7. Bxc4 cxd4 8.
exd4 Be7 9. Nc3 O-O 10. a3 a6 11. b4 b5 12. Bb3 Bb7 13. Bb2 Qd6 14. Qd3 Rad8
15. Rad1 Nb8 16. Rd2 Qf4 17. Qe3 Bd6 18. Ne2 Qxe3 19. fxe3 Nbd7 20. Nc3 Nb6 21.
Re1 Ne4 22. Nxe4 Bxe4 23. Ng5 Bd5 24. Bxd5 exd5 25. e4 Bf4 0-1

[Event "NRW-Klasse, Gruppe 1"]
[Site "Brühl"]
[Date "2017.03.05"]
[Round "7"]
[White "Preuschoff, Michael"]
[Black "Loifenfeld, Jakov"]
[Result "0-1"]
[WhiteElo "2140"]
[BlackElo "2407"]
[PlyCount "70"]
[EventDate "2017.??.??"]
[WhiteTeam "Ratinger SK"]
[BlackTeam "Brühler SK"]

1. e4 Nf6 2. e5 Nd5 3. d4 d6 4. Nf3 g6 5. Bc4 Nb6 6. Bb3 Bg7 7. Qe2 Nc6 8. exd6
Qxd6 9. Nc3 Bf5 10. Nb5 Qd7 11. d5 Na5 12. Ne5 Bxe5 13. Qxe5 O-O 14. Bh6 f6 15.
Qe2 Nxb3 16. axb3 Rfd8 17. c4 c6 18. dxc6 bxc6 19. Nc3 Bd3 20. Qe3 Bc2 21. Ne4
Qg4 22. f3 Qxg2 23. Nxf6+ Kf7 24. Rg1 Qxh2 25. Ng4 Qh4+ 26. Ke2 Bd3+ 27. Kd2
Bf5+ 28. Kc1 Bxg4 29. Bg5 Qh2 30. fxg4 Nc8 31. Kb1 a5 32. Ka2 a4 33. Qf3+ Kg8
34. b4 a3 35. Rg2 axb2+ 0-1

[Event "NRW-Klasse, Gruppe 1"]
[Site "Brühl"]
[Date "2017.03.05"]
[Round "7"]
[White "Keller, Thomas"]
[Black "Welzel, Philipp"]
[Result "1-0"]
[WhiteElo "2233"]
[BlackElo "2184"]
[PlyCount "107"]
[EventDate "2017.??.??"]
[WhiteTeam "Brühler SK"]
[BlackTeam "Ratinger SK"]

1. e4 e5 2. Nf3 Nc6 3. Bc4 Bc5 4. d3 Nf6 5. c3 d6 6. b4 Bb6 7. a4 a5 8. b5 Ne7
9. O-O O-O 10. Nbd2 Ng6 11. d4 d5 12. exd5 exd4 13. cxd4 Nxd5 14. Qb3 Be6 15.
Ne4 Ndf4 16. Nc5 Ne2+ 17. Kh1 Nxd4 18. Nxd4 Qxd4 19. Nxe6 fxe6 20. Be3 Qh4 21.
Bxe6+ Kh8 22. Bd5 Bxe3 23. Qxe3 Rae8 24. Qg3 Qxg3 25. hxg3 b6 26. f3 Ne7 27.
Be4 Nf5 28. Bxf5 Rxf5 29. Rac1 Re7 {(=)} 30. Rc4 Rd5 31. Rfc1 Rdd7 32. g4 g5
33. Kh2 Kg7 34. Kh3 Rf7 35. R1c3 h6 36. g3 Rde7 37. f4 Kf8 38. Kg2 Ke8 39. Kf3
Kd8 40. Rd3+ Rd7 41. Rxd7+ Rxd7 42. Ke4 gxf4 43. gxf4 Re7+ 44. Kf5 Re1 45. Rd4+
Kc8 46. Kg6 Re6+ 47. Kf7 c5 48. Kxe6 cxd4 49. g5 hxg5 50. fxg5 d3 51. g6 d2 52.
g7 d1=Q 53. g8=Q+ Kc7 54. Qf7+ 1-0

[Event "NRW-Klasse, Gruppe 1"]
[Site "Brühl"]
[Date "2017.03.05"]
[Round "7"]
[White "Busch, Christian"]
[Black "Schäfer, Jürgen"]
[Result "0-1"]
[WhiteElo "2053"]
[BlackElo "2196"]
[PlyCount "100"]
[EventDate "2017.??.??"]
[WhiteTeam "Ratinger SK"]
[BlackTeam "Brühler SK"]

1. d4 g6 2. e4 Bg7 3. c4 d6 4. Nc3 a6 5. Be3 Nc6 6. d5 Ne5 7. h3 c5 8. Qd2 Nf6
9. Be2 O-O 10. f4 Ned7 11. g4 b5 12. cxb5 axb5 13. Bxb5 Rb8 14. a4 Qa5 15. Rb1
Qb4 16. Bd3 Nb6 17. Nge2 Nc4 18. Bxc4 Qxc4 19. Qc2 Ba6 20. Kf2 Qd3 21. Qxd3
Bxd3 22. Rbd1 Nxe4+ 23. Kf3 Bxe2+ 24. Nxe2 Rxb2 25. Kxe4 Rxe2 26. Rd2 Rxd2 27.
Bxd2 Rb8 28. Kd3 e6 29. dxe6 fxe6 30. Kc4 Bd4 31. a5 d5+ 32. Kd3 Rb3+ 33. Kc2
Rb2+ 34. Kd3 Kf7 35. Rc1 Ke7 36. Bc3 Rb3 37. a6 Ra3 38. Ra1 Rxc3+ 39. Kd2 c4
40. a7 Rd3+ 41. Ke2 Re3+ 42. Kd1 Bxa7 43. Rxa7+ Kd6 44. Rxh7 Kc5 45. Rh6 Kd4
46. Rxg6 Kd3 47. f5 e5 48. Ra6 c3 49. Ra3 Rxh3 50. Ke1 Rg3 0-1

[Event "NRW-Klasse, Gruppe 1"]
[Site "Brühl"]
[Date "2017.03.05"]
[Round "7"]
[White "Gräber, Ralf"]
[Black "Haskelman, Evgen"]
[Result "0-1"]
[WhiteElo "2117"]
[BlackElo "2170"]
[PlyCount "92"]
[EventDate "2017.??.??"]
[WhiteTeam "Ratinger SK"]
[BlackTeam "Brühler SK"]

1. c4 f5 2. g3 Nf6 3. Bg2 e6 4. Nf3 d5 5. O-O Bd6 6. Nc3 c6 7. d3 Bc7 8. e4 d4
9. Ne2 fxe4 10. dxe4 e5 11. Ne1 c5 12. Nd3 Qe7 13. f4 Nc6 14. fxe5 Nxe5 15. Bg5
Bg4 16. Bxf6 gxf6 17. Qa4+ Bd7 18. Qa3 Bd6 19. Nxe5 fxe5 20. Rf2 a6 21. Raf1
O-O-O 22. Rf7 Qg5 23. Qb3 Bc7 24. Rxd7 Rxd7 25. Bh3 Rhd8 26. Qf3 Kb8 27. Bxd7
Rxd7 28. Nc1 Qe3+ 29. Kg2 Qd2+ 30. Qf2 Qxf2+ 31. Rxf2 d3 32. Nb3 Ba5 33. Rf1
Bb6 34. Rd1 Ba7 35. Nc1 Rd4 36. Nxd3 Rxe4 37. Kf3 Rd4 38. Ke2 Rxc4 39. Nxe5
Re4+ 40. Kf3 Rxe5 41. Rd7 Rh5 42. h4 Kc8 43. Rf7 Bb8 44. Kg4 Rh6 45. h5 Be5 46.
b3 Bd4 0-1

[Event "NRW-Klasse, Gruppe 1"]
[Site "Brühl"]
[Date "2017.03.05"]
[Round "7"]
[White "Peters, Alex"]
[Black "Probst, Andreas"]
[Result "1/2-1/2"]
[WhiteElo "2207"]
[BlackElo "2084"]
[PlyCount "79"]
[EventDate "2017.??.??"]
[WhiteTeam "Brühler SK"]
[BlackTeam "Ratinger SK"]

1. Nf3 Nf6 2. b3 g6 3. Bb2 Bg7 4. e3 O-O 5. d4 d6 6. Be2 Nbd7 7. O-O b6 8. c4
Bb7 9. Nc3 e5 10. dxe5 dxe5 11. Qc2 e4 12. Nd2 Re8 13. Rfd1 Qe7 14. Nf1 h5 15.
Rac1 h4 16. Nd5 Nxd5 17. cxd5 Bxb2 18. Qxb2 Nf6 19. Bb5 Red8 20. Bc6 Bxc6 21.
dxc6 a5 22. h3 g5 23. Qe2 Rxd1 24. Rxd1 Qc5 25. Nh2 Qxc6 26. Ng4 Re8 27. Qc4
Qe6 28. Nxf6+ Qxf6 29. Qxc7 Kg7 30. Rd4 Re6 31. Qc2 Qe5 32. Qd1 Rc6 33. Rd5 Rc1
34. Qxc1 Qxd5 35. Kf1 Qd3+ 36. Kg1 Qd5 37. Qc2 Qe5 38. Kf1 b5 39. Ke2 b4 40.
Qd2 1/2-1/2

[Event "NRW-Klasse, Gruppe 1"]
[Site "Brühl"]
[Date "2017.03.05"]
[Round "7"]
[White "Liedtke, Dirk"]
[Black "Spilles, Matthias"]
[Result "1-0"]
[WhiteElo "2112"]
[BlackElo "2174"]
[PlyCount "84"]
[EventDate "2017.??.??"]
[WhiteTeam "Ratinger SK"]
[BlackTeam "Brühler SK"]

1. c4 e5 2. g3 Nc6 3. Bg2 Bc5 4. Nc3 d6 5. a3 a6 6. e3 Ba7 7. Nge2 Nge7 8. b4
Be6 9. Nd5 Qd7 10. Nec3 O-O 11. O-O Nf5 12. d3 Nd8 13. b5 c6 14. bxc6 bxc6 15.
Rb1 Nxg3 16. hxg3 cxd5 17. Nxd5 Rb8 18. Rxb8 Bxb8 19. Bd2 Ba7 20. Qb3 Bh3 21.
Rb1 Bxg2 22. Kxg2 h5 23. Rh1 Qg4 24. f3 Qg5 25. Qd1 Re8 26. e4 Qg6 27. Qa4 f6
28. Qd7 Qf7 29. Qxd6 Ne6 30. Bb4 g6 31. Qxa6 Kg7 32. f4 Nd4 33. fxe5 Rxe5 34.
Rf1 f5 35. Qd6 Re6 36. Qf4 Ne2 37. Qg5 Re5 38. Bd6 Rxd5 39. cxd5 Nd4 40. Be5+
Kh7 41. Qd8 Kh6 42. Qh8+ Kg5 1-0

[Event "NRW-Klasse, Gruppe 1"]
[Site "Brühl"]
[Date "2017.03.05"]
[Round "7"]
[White "Gramb, Marius"]
[Black "Dinescu, Adrian"]
[Result "1/2-1/2"]
[WhiteElo "2057"]
[BlackElo "2064"]
[PlyCount "132"]
[EventDate "2017.??.??"]
[WhiteTeam "Brühler SK"]
[BlackTeam "Ratinger SK"]

1. d4 e6 2. c4 d5 3. Nf3 c5 4. cxd5 exd5 5. g3 Nc6 6. Bg2 Nf6 7. O-O Be7 8. Nc3
O-O 9. dxc5 Bxc5 10. Bg5 d4 11. Bxf6 Qxf6 12. Ne4 Qe7 13. Nxc5 Qxc5 14. Rc1 Qb6
15. Qd2 Bg4 16. b3 h6 17. Rfd1 Rad8 18. Qf4 Bh5 19. Rd2 Rfe8 20. g4 g5 21. Qg3
Bg6 22. Rcd1 Qb5 23. Bf1 {(=)} Qc5 24. Qc7 Re7 25. Qg3 Re4 26. e3 f5 27. gxf5
Bxf5 28. h3 g4 29. Nxd4 Nxd4 30. Rxd4 Rexd4 31. Rxd4 Rxd4 32. exd4 Qxd4 33.
Qb8+ Kg7 34. Qxb7+ Kf6 35. hxg4 Bxg4 36. Qc6+ Kg5 37. Qc1+ Kh5 38. Qe3 Qg7 39.
Kh2 Qa1 40. Bd3 Qf6 41. f4 Kh4 42. Qf2+ Kh5 43. Kg2 Qc3 44. Qe3 Qf6 45. Qxa7
Qxf4 46. Qc5+ Kh4 47. Qf2+ Kg5 48. Qxf4+ Kxf4 49. a4 Ke3 50. Kg3 Bc8 51. Bc4
Kd4 52. Kf4 Kc5 53. Be2 Kb4 54. Bd1 Kc3 55. Kg3 Ba6 56. Kh4 Kd2 57. Bf3 Kc3 58.
Bd1 Kd2 59. Bg4 Kc3 60. Be6 Be2 61. Bf7 Kb4 62. Kg3 Bf1 63. Kf2 Bh3 64. Ke3 Bd7
65. Kf4 Bxa4 66. bxa4 Kxa4 1/2-1/2

[Event "Bochumer SV 1 - PSV Duisburg 1"]
[Site "NRW-Klasse, Gruppe 1 2016/201"]
[Date "2017.02.12"]
[Round "6.1"]
[White "Wengenroth, Walter"]
[Black "Zaitsev, Mikhail"]
[Result "1/2-1/2"]
[WhiteElo "2213"]
[BlackElo "2463"]
[PlyCount "36"]
[EventDate "2017.??.??"]
[WhiteTeam "PSV Duisburg 1"]
[BlackTeam "Bochumer SV 1"]

1. e4 e5 2. Nf3 Nf6 3. Nxe5 d6 4. Nf3 Nxe4 5. d4 Be7 6. Bd3 Nf6 7. h3 O-O 8.
O-O Re8 9. c4 c6 10. Nc3 Nbd7 11. Bf4 Nf8 12. b4 Ng6 13. Bh2 Bf8 14. Qb3 Bd7
15. Rfe1 Qc7 16. c5 Rxe1+ 17. Rxe1 Re8 18. Rxe8 Bxe8 1/2-1/2

[Event "Bochumer SV 1 - PSV Duisburg 1"]
[Site "NRW-Klasse, Gruppe 1 2016/201"]
[Date "2017.02.12"]
[Round "6.2"]
[White "Zatonskih, Anna"]
[Black "Heisel, Guido"]
[Result "1-0"]
[WhiteElo "2462"]
[BlackElo "2075"]
[PlyCount "51"]
[EventDate "2017.??.??"]
[WhiteTeam "Bochumer SV 1"]
[BlackTeam "PSV Duisburg 1"]

1. d4 d5 2. c4 Nc6 3. Nf3 Bg4 4. Nc3 e6 5. cxd5 exd5 6. Bf4 Bxf3 7. gxf3 Bd6 8.
Bg3 Nge7 9. e3 Bxg3 10. hxg3 Qd6 11. Qc2 h6 12. O-O-O O-O-O 13. Kb1 Qg6 14. Bd3
Qf6 15. Be2 Qg6 16. Bd3 Qf6 17. Qe2 Kb8 18. Ka1 Nb4 19. Bb1 Qa6 20. Qd2 Qa5 21.
Ne2 Rd6 22. Nc1 Ra6 23. Nb3 Qb5 24. Qc3 Rc6 25. Nc5 b6 26. Qxb4 1-0

[Event "Bochumer SV 1 - PSV Duisburg 1"]
[Site "NRW-Klasse, Gruppe 1 2016/201"]
[Date "2017.02.12"]
[Round "6.3"]
[White "Sirringhaus, Wilfried"]
[Black "Schneider, Bernd"]
[Result "0-1"]
[WhiteElo "2114"]
[BlackElo "2322"]
[PlyCount "78"]
[EventDate "2017.??.??"]
[WhiteTeam "PSV Duisburg 1"]
[BlackTeam "Bochumer SV 1"]

1. e4 g6 2. d4 Bg7 3. Nc3 c6 4. Be2 d5 5. e5 f6 6. Bf4 Nh6 7. Qd2 Nf7 8. Nf3
O-O 9. h3 fxe5 10. Nxe5 Nd7 11. Nxf7 Rxf7 12. O-O-O Qf8 13. Be3 e5 14. dxe5
Nxe5 15. f4 Nd7 16. Rhf1 Nc5 17. Bd4 Bxd4 18. Qxd4 Ne6 19. Qd2 Nxf4 20. Bf3 Be6
21. Qe3 Re8 22. Qxa7 Nxh3 23. gxh3 Rxf3 24. Rxf3 Qxf3 25. Qxb7 d4 26. Nb1 Bxh3
27. Nd2 Qd5 28. Nb3 Bg4 29. Rf1 Bf5 30. Rd1 d3 31. Qb4 h5 32. cxd3 Bxd3 33. Qc3
Qg5+ 34. Qd2 Qxd2+ 35. Kxd2 Bc4 36. Kc3 Bd5 37. Nc5 h4 38. Nd3 h3 39. Nf4 Bf3
0-1

[Event "Bochumer SV 1 - PSV Duisburg 1"]
[Site "NRW-Klasse, Gruppe 1 2016/201"]
[Date "2017.02.12"]
[Round "6.4"]
[White "Heinbuch, Detlef Ulrich"]
[Black "Sponheim, Marko"]
[Result "1/2-1/2"]
[WhiteElo "2247"]
[BlackElo "1989"]
[PlyCount "72"]
[EventDate "2017.??.??"]
[WhiteTeam "Bochumer SV 1"]
[BlackTeam "PSV Duisburg 1"]

1. c4 c5 2. b3 e5 3. Bb2 Nc6 4. Nc3 Nge7 5. g3 d5 6. cxd5 Nxd5 7. Bg2 Be6 8.
Nf3 Be7 9. Rc1 Nxc3 10. Bxc3 f6 11. O-O Qd7 12. d3 Bh3 13. Re1 Bxg2 14. Kxg2
O-O 15. a3 Rfd8 16. b4 Qd5 17. Rb1 b6 18. Qb3 Qxb3 19. Rxb3 Rac8 20. bxc5 Bxc5
21. Rc1 Rc7 22. Kf1 Rdc8 23. Bd2 Nd4 24. Nxd4 Bxd4 25. Rxc7 Rxc7 26. e3 Bc5 27.
Ke2 Kf7 28. f4 Ke6 29. a4 a6 30. Bc3 Rb7 31. Rb2 b5 32. axb5 axb5 33. Ra2 Ra7
34. Rb2 Rb7 35. Ra2 Ra7 36. Rb2 Rb7 1/2-1/2

[Event "Bochumer SV 1 - PSV Duisburg 1"]
[Site "NRW-Klasse, Gruppe 1 2016/201"]
[Date "2017.02.12"]
[Round "6.5"]
[White "Brueggemann, Josef"]
[Black "Wolter, Detlev"]
[Result "1/2-1/2"]
[WhiteElo "1945"]
[BlackElo "2208"]
[PlyCount "57"]
[EventDate "2017.??.??"]
[WhiteTeam "PSV Duisburg 1"]
[BlackTeam "Bochumer SV 1"]

1. e4 g6 2. d4 Bg7 3. Nf3 d6 4. Nc3 a6 5. Bf4 b5 6. Bd3 Nd7 7. e5 Bb7 8. a4 b4
9. Ne4 Nf8 10. O-O Ne6 11. Bd2 c5 12. Bg5 Bxe4 13. Bxe4 d5 14. Bd3 c4 15. Be2
Nxg5 16. Nxg5 e6 17. f4 Ne7 18. b3 Nf5 19. Qd2 Qb6 20. Nf3 cxb3 21. a5 Qb7 22.
cxb3 O-O 23. Rfc1 Rfc8 24. Rxc8+ Rxc8 25. Rc1 Bf8 26. Rxc8 Qxc8 27. g4 Ne7 28.
Kg2 Nc6 29. Qc2 1/2-1/2

[Event "Bochumer SV 1 - PSV Duisburg 1"]
[Site "NRW-Klasse, Gruppe 1 2016/201"]
[Date "2017.02.12"]
[Round "6.6"]
[White "Kiese, Matthias"]
[Black "Spitzer, Erwin"]
[Result "1-0"]
[WhiteElo "2180"]
[BlackElo "1885"]
[PlyCount "47"]
[EventDate "2017.??.??"]
[WhiteTeam "Bochumer SV 1"]
[BlackTeam "PSV Duisburg 1"]

1. d4 Nf6 2. Nf3 d5 3. c4 c6 4. Nc3 dxc4 5. a4 Bf5 6. e3 c5 7. Bxc4 cxd4 8.
exd4 e6 9. O-O Be7 10. Qb3 O-O 11. Qxb7 Nbd7 12. Bf4 Nb6 13. Bc7 Qc8 14. Ba6
Qxb7 15. Bxb7 Rae8 16. Ne5 Na8 17. Ba5 Rb8 18. Bf3 Rxb2 19. Nc6 Bd6 20. Nb5 Ne8
21. Ncxa7 Bd3 22. Bxa8 Bxf1 23. Kxf1 Nc7 24. Bxc7 1-0

[Event "Bochumer SV 1 - PSV Duisburg 1"]
[Site "NRW-Klasse, Gruppe 1 2016/201"]
[Date "2017.02.12"]
[Round "6.7"]
[White "Hehlke, Oliver"]
[Black "Pewny, Uwe"]
[Result "0-1"]
[WhiteElo "1789"]
[BlackElo "2204"]
[PlyCount "96"]
[EventDate "2017.??.??"]
[WhiteTeam "PSV Duisburg 1"]
[BlackTeam "Bochumer SV 1"]

1. d4 d6 2. e4 Nf6 3. Bd3 e5 4. d5 c6 5. c4 Be7 6. Nc3 O-O 7. h3 a6 8. Be3 cxd5
9. cxd5 b5 10. Qd2 Nbd7 11. Nf3 Nb6 12. g4 Re8 13. Ne2 Bb7 14. Ng3 Rc8 15. b3
Nfd7 16. Nf5 Bf8 17. Nh2 Nc5 18. O-O Nxd3 19. Qxd3 Nd7 20. Qd2 a5 21. Rfc1 b4
22. Bg5 Qb6 23. Be3 Nc5 24. f3 g6 25. Ng3 Qb5 26. Rc4 Nd7 27. Rac1 Nb6 28. Rc7
Rxc7 29. Rxc7 Nd7 30. Rc4 Rc8 31. Rxc8 Bxc8 32. g5 Be7 33. Ng4 Nc5 34. Nf2 Bd8
35. h4 Bb6 36. Kg2 Bd7 37. f4 exf4 38. Bxf4 Nb7 39. h5 Qc5 40. h6 Qd4 41. Qc2
Bc5 42. Kf3 f5 43. gxf6 Qxf6 44. Ng4 Qh4 45. Nh2 g5 46. Bd2 g4+ 47. Kg2 Qh3+
48. Kh1 Qxg3 0-1

[Event "Bochumer SV 1 - PSV Duisburg 1"]
[Site "NRW-Klasse, Gruppe 1 2016/201"]
[Date "2017.02.12"]
[Round "6.8"]
[White "Jellinghaus, Lars"]
[Black "Sommer, Hans-Dieter"]
[Result "1-0"]
[WhiteElo "2087"]
[BlackElo "1632"]
[PlyCount "65"]
[EventDate "2017.??.??"]
[WhiteTeam "Bochumer SV 1"]
[BlackTeam "PSV Duisburg 1"]

1. d4 Nf6 2. c4 e6 3. Nc3 Bb4 4. e3 O-O 5. Nge2 d5 6. a3 Bxc3+ 7. Nxc3 dxc4 8.
Bxc4 b6 9. Qe2 Bb7 10. O-O Nc6 11. Rd1 Ne7 12. e4 Ng6 13. f3 h6 14. Be3 c6 15.
Rac1 Qe7 16. e5 Nd5 17. Nxd5 cxd5 18. Bd3 Rac8 19. f4 f5 20. g4 Qf7 21. gxf5
exf5 22. Kh1 Ne7 23. Rg1 Rc6 24. Rxc6 Nxc6 25. Qg2 Bc8 26. Be2 Be6 27. Bh5 Qe7
28. Bf2 Kh8 29. Bh4 Qd7 30. Qg6 Nxd4 31. Bf6 gxf6 32. Qxh6+ Qh7 33. Qxf8+ 1-0

[Event "SF Neuenkirchen 1 - Bielefelder SK 1"]
[Site "NRW-Klasse, Gruppe 1 2016/201"]
[Date "2017.02.12"]
[Round "6.1"]
[White "Forchert, Martin"]
[Black "Wilde, Pierre"]
[Result "1/2-1/2"]
[WhiteElo "2262"]
[BlackElo "2228"]
[PlyCount "85"]
[EventDate "2017.??.??"]
[WhiteTeam "Bielefelder SK 1"]
[BlackTeam "SF Neuenkirchen 1"]

1. e4 c5 2. Nf3 e6 3. g3 b6 4. Bg2 Bb7 5. Qe2 d6 6. O-O Nf6 7. Nc3 Nc6 8. Rd1
e5 9. Nd5 Nxd5 10. exd5 Ne7 11. c3 Nxd5 12. d4 cxd4 13. Nxd4 Qd7 14. Nb5 Nf6
15. Bxb7 Qxb7 16. Nxd6+ Bxd6 17. Rxd6 Nd7 18. Bg5 O-O 19. Rad1 Nc5 20. R1d5 f6
21. Be3 Rac8 22. Qb5 Qf7 23. Bxc5 Rxc5 24. Rxc5 bxc5 25. c4 Qg6 26. Qb7 h5 27.
h4 Kh7 28. Qxa7 Qb1+ 29. Kg2 Qe4+ 30. Kh2 Qxc4 31. Rd7 Rg8 32. Rc7 Qe2 33. Qxc5
Qxb2 34. a4 Qe2 35. Qc2+ Qxc2 36. Rxc2 Ra8 37. Ra2 Kg6 38. Kg2 Kf5 39. a5 Ra6
40. Kf3 g5 41. Ra4 gxh4 42. Rxh4 Rxa5 43. Rxh5+ 1/2-1/2